Sigrid songs by Lyric - Statistics

General Stats
  • This quiz has been taken 52 times
  • The average score is 10 of 13
Answer Stats
lyric Song % Correct
Just Like in the movies it starts to rain and we Strangers
97%
You shut me down you like the control you speak to me like i'm a child Don't kill my vibe
94%
There was an emptiness i think you met me at a strange time Mirror
90%
Meet me in the hallway for a cup of coffee by the stairs Sucker punch
90%
Something bout the way you i and fit thats when it hits Mine Right now
87%
I could tell you the truth, but you'd call me a liar Burning bridges
84%
I know i should be ordering takeout sitting on my couch Don't feel like crying
84%
I don't wanna lose a friend but you make it hard to feel okay Never mine
74%
if you feel it, don't cage it Basic
71%
I thought you were someone to trust get tough grow up be straight up Plot Twist
68%
Couldn't wait til i got outside wondering, what the world be like Home to you
65%
In the silence on my own trapped in my head from the moment i wake up Business Dinners
48%
Just had a breakthrough i'm used to being your number two Fake Friends
48%
No matching quizzes found
Score Distribution
Percent of People with Each Score
Percentile by Number Answered
Your Score History
You have not taken this quiz